000 01211nam a22003012 4500
001 0000020921
005 20151217152224.0
008 111115s xx 000 0 eng d
020 _a9004138528 :
040 _aKABU
_cKABU
245 1 0 _aOceans management in the 21st century :
_binstitutional frameworks and responses /
_cAlex G. Oude elferink, Donald R. Rothwell (eds)
250 _a1st ed.
260 _aBoston :
_bMartinus Nijhoff,
_c2004.
300 _axxxv, 391 p.
650 0 _aUnited Nations convention on the law of the sea (1982)
_@0000181601
650 0 _aLaw of the sea.
_@0000160370
650 0 _aMaritime law.
_@0000181602
650 0 _aArbstration (International law)
_@0000181603
700 1 _aElferink, Alex Oude.
_@0000181604
700 1 _aRothwell, Donald R.
_@0000181605
852 1 _9p24225 KES
852 1 _9p20291.05 KES
852 1 _9p20291.05 KES
852 1 _9p20291.05 KES
852 1 _9p20291.05 KES
908 _a111115
950 _@1
999 _c9546
_d9546